Quiz ultime du XIXe siècle - Statistiques

Statistiques générales
  • Ce quiz a été pris 2 980 fois
  • Le résultat moyen est 48 sur 100
Statistiques - réponses
Année Indice Réponse % Correct
1862 Cet écrivain publie Les Misérables Victor Hugo
89%
1889 La construction de cette tour faisant polémique s'achève Tour Eiffel
88%
1895 Ces frères français réalisent la première projection publique d'un film grâce aux travaux de Louis Le Prince, disparu mystérieusement en 1890 Les Frères Lumière
87%
1885 Cet homme créé un vaccin contre la Rage Louis Pasteur
86%
1873 Levi Strauss dépose le brevet de ce type de pantalon Jean
85%
1863 Ce moyen de transport urbain est inauguré à Londres, le premier au monde Métro
84%
1896 Les premiers Jeux Olympiques de l'ère moderne ont lieu dans cette ville Athènes
82%
1890 Ce célèbre artiste néerlandais se suicide Vincent Van Gogh
82%
1815 Napoléon Bonaparte perd définitivement le pouvoir après cette défaite Waterloo
82%
1801 L'union de ce pays avec la Grande-Bretagne donne naissance au Royaume-Uni Irlande
81%
1882 L'Allemagne, l'Italie et l'Autriche-Hongrie signent cette alliance {Triple} Alliance
81%
1861 Cette guerre civile américaine opposant les Nordistes et les Sudistes commence Guerre de Sécession
80%
1888 Ce tueur en série fait au moins cinq victimes à Londres Jack l'Éventreur
80%
1875 Matthew Webb est le premier homme à traverser cette mer à la nage La Manche
80%
1867 Les États-Unis achètent ce territoire à la Russie pour 7 millions de dollars Alaska
78%
1837 Cette femme devient reine du Royaume-Uni Victoria
78%
1866 Alfed Nobel invente cet explosif Dynamite
75%
1864 Cette institution d'aide humanitaire est officiellement fondée à Genève Croix-Rouge
73%
1886 Cette célèbre boisson est créée par John Pemberton Coca-Cola
72%
1803 Cet État français est vendu pour 15 millions de dollars aux États-Unis Louisiane
72%
1865 Ce Président américain est assassiné alors qu'il assiste à une pièce de théâtre Abraham Lincoln
70%
1851 La première exposition universelle a lieu dans cette ville Londres
69%
1877 Ce tournoi a lieu et devient le premier tournoi majeur de tennis Wimbledon
69%
1898 Cette impératrice autrichienne est assassinée à Genève Sissi
68%
1802 Cette distinction est créée par Napoléon Bonaparte Légion d'Honneur
67%
1887 Ce personnage de littérature est créé par Sir Arthur Conan Doyle, dans le roman Une étude en rouge Sherlock Holmes
67%
1879 Ce scientifique américain invente l'ampoule électrique Thomas Edison
67%
1821 John Davis est le premier homme à poser le pied sur ce continent Antarctique
66%
1857 Cet écrivain publie Madame Bovary Gustave Flaubert
66%
1824 Ce compositeur dirige sa Neuvième Symphonie à Vienne Ludwig van Beethoven
66%
1839 Une première guerre éclate entre la Chine et le Royaume-Uni à cause de cette drogue introduit par les britanniques à Canton Opium
66%
1859 Ce monument britannique entre en service Big Ben
65%
1844 Ce roman d'Alexandre Dumas est publié Les Trois Mousquetaires
65%
1872 Cet artiste peint "Impression, soleil levant", à l'origine de l'Impressionisme Claude Monet
63%
1836 Ce monument parisien est inauguré Arc de Triomphe
61%
1876 Cet homme invente le téléphone Alexander Graham Bell
58%
1830 Cette révolte met fin à la Restauration en France Trois {Glorieuses}
58%
1880 Cette ville est fondée par Pierre Savignan de Brazza Brazzaville
57%
1808 Joseph Bonaparte devient Roi de ce pays, et le restera pendant 5 ans Espagne
57%
1842 La Chine cède cette île aux Britanniques Hong Kong
57%
1892 Tchaïkovski créé ce ballet pour le Théâtre Mariinsky de Saint-Pétersbourg Casse-Noisette
56%
1891 Ce sport est inventé par James Naismith dans le Massachusetts Basket-ball
55%
1858 La jeune Bernadette Soubirous affirme être témoin de dix-huit apparitions mariales dans cette petite ville du sud de la France Lourdes
55%
1852 Un incendie détruit près de 10 000 demeures dans cette ville du Canada Montréal
52%
1871 Cet homme devient le premier Chancelier allemand Otto von Bismarck
52%
1820 Cette statue sans bras est découverte par un paysan dans l'archipel des Cyclades Vénus de Milo
52%
1848 James Marshall découvre une pépite d'or dans une rivière de cet État américain, menant à une ruée vers l'or Californie
50%
1869 Ce chimiste russe publie une classification périodique des éléments Dmitri Mendeleïev
50%
1884 Une conférence dans cette ville débute afin d'établier les règles du partage de l'Afrique entre les puissances coloniales Berlin
49%
1899 Ce président de la République décède au palais de l'Élysée Félix Faure
49%
1809 La Suède cède ce territoire à la Russie Finlande
49%
1860 Cette ville est rattachée, avec la Savoie, à la France Nice
49%
1810 Ce festival munichois se déroule pour la première fois Oktoberfest
49%
1822 Cet égyptologue est le premier à parvenir à déchiffrer les hyéroglyphes Jean-François Champollion
48%
1831 Cet homme devient le premier roi des Belges Léopold Ier
45%
1847 Ce pays est la première colonie africaine à devenir indépendante Libéria
44%
1894 Ce président de la République française est assassiné à Lyon Sadi Carnot
44%
1835 Cet écrivain danois publie ses premiers contes comme Le Briquet ou La Petite Sirène Hans Christian Andersen
43%
1874 Le Royaume-Uni annexe ce pays d'Océanie Fidji
43%
1812 L'explorateur suisse Jean-Louis Burckhardt redécouvre cette cité nabatéenne, située dans le sud de l'actuelle Jordanie Pétra
43%
1870 Napoléon III est fait prisonnier par la Prusse après une défaite dans cette ville Sedan
43%
1893 La Côte des Dents devient une colonie française et prend désormais ce nom Côte d'Ivoire
42%
1800 Ce physicien italien invente la pile électrique Alessandro Volta
41%
1832 Cet homme devient le premier roi de Grèce Othon Ier
40%
1856 La Russie perd cette guerre Guerre de {Crimée}
39%
1804 Ce pays devient indépendant de la France Haïti
39%
1833 Le Royaume-Uni prend le contrôle de ces îles situées dans l'océan Atlantique sud Malouines
39%
1805 Ce vice-amiral permet aux britanniques de gagner la bataille de Trafalgar Horatio Nelson
38%
1813 Cette romancière britannique publie Orgueil et Préjugés Jane Austen
38%
1868 Cette ville se nomme désormais Tokyo suite à la Bataille d'Ueno Edo
36%
1853 Cet homme italien compose La Traviata Giuseppe Verdi
35%
1816 Le naufrage de ce navire entraînant la mort de 147 personnes entassées sur un radeau de fortune cause un scandale retentissant en France La Méduse
35%
1846 Cet astre est découvert grâce aux calculs de l'astrome Urbain Le Verrier Neptune
35%
1834 Ce palais utilisé comme siège du Parlement du Royaume-Uni est détruit en grande partie par un incendie Westminster
35%
1819 Cet homme devient le président de la Grande Colombie Simón Bolívar
32%
1823 Cette doctrine est énoncée par le président des États-Unis, proclamant que l’Europe ne doit plus interférer dans les affaires américaines Doctrine {Monroe}
31%
1828 René Caillé est le premier Occidental a revenir de cette ville située dans l'actuel Mali Tombouctou
31%
1817 Une première pandémie de cette maladie commence près de Calcutta Choléra
29%
1806 Cet Empire fondé par Otton Ier disparaît après 844 ans d'existence Saint-Empire Romain Germanique
28%
1883 L'éruption de ce volcan indonésien fait près de 36 000 victimes Krakatoa
28%
1827 Nicéphore Niépce utilise pour la première fois ce procédé de manière permanente Photographie
25%
1840 Les parties hautes et basses de cette colonie s'unissent Canada
24%
1881 Cet homme devient Empereur de Russie après l'assassinat de son père Alexandre III
22%
1843 Ce conteur britannique publie Un chant de Noël Charles Dickens
20%
1826 Jean VI, roi de ce pays, meurt dans des conditions suspectes Portugal
20%
1897 Le sportif suisse Mattias Zurbriggen réussi la première ascension de cette montagne, qui est le plus haut sommet des Amériques Aconcagua
18%
1841 Le royaume de France achète cet archipel au sultan Andrantsoly Mayotte
15%
1855 Cet explorateur est le premier Européen à observer les chutes Victoria au cœur de l'Afrique David Livingstone
14%
1814 Cette ville est brûlée par les troupes britanniques lors de la Guerre de 1812 Washington
14%
1811 Ce physicien italien énonce une loi spécifiant que des volumes égaux de gaz parfaits différents contiennent le même nombre de molécules Amedeo Avogadro
13%
1838 Ce peuple autochtone est le principal groupe contraint de quitter son territoire par les États-Unis lors de la Piste des larmes Cherokee
12%
1818 Ce pays proclame son indépendance, et est placé sous l'autorité de Bernardo O'Higgins Chili
12%
1849 Édouard Bouët-Willaumez fonde ce "village chrétien et français" afin d' accueillir les esclaves libérés des bateaux négriers Libreville
9%
1878 Cet homme succède à Pie IX en tant que pape de l'Église catholique Léon XIII
8%
1850 Cette guerre civile chinoise commence. Elle fera plus de 20 millions de morts Révolte des {Taiping}
8%
1807 Cette bataille a lieu entre les forces de l'Empire russe et l'Empire français.Elle sera le premier échec majeur de Napoléon Bonaparte. Eylau
6%
1854 Les alliés britanniques, turcs et français remportent une bataille sur les rives de ce fleuve, près de Sébastopol, face à l'armée russe Alma
4%
1825 Le chimiste danois Hans Christian Oersted parvient à isoler une forme impure de cet élément Aluminium
3%
1829 Cet ingénieur britannique invente la Fusée, l'une des premières locomotives à vapeur George Stephenson
3%
1845 En Suisse, cette ligue sécessioniste se forme suite aux mesures anti-catholiques prises par les radicaux Sonderbund
2%
Aucun quiz correspondant
Distribution des résultats
% des personnes avec chaque résultat
Percentile par nombre de réponses
Votre historique - résultats
Vous n’avez pas pris ce quiz